MARC details
| 000 -LEADER |
| campo de control de longitud fija |
03005cam a2200505 i 4500 |
| 001 - NÚMERO DE CONTROL |
| campo de control |
20545473 |
| 003 - IDENTIFICADOR DE NÚMERO DE CONTROL |
| campo de control |
BJBSDDR |
| 005 - FECHA Y HORA DE LA ÚLTIMA TRANSACCIÓN |
| campo de control |
20260218144747.0 |
| 007 - CAMPO FIJO DE DESCRIPCIÓN FÍSICA--INFORMACIÓN GENERAL |
| campo de control de longitud fija |
ta |
| 008 - DATOS DE LONGITUD FIJA--INFORMACIÓN GENERAL |
| campo de control de longitud fija |
180511s2018 mx a b 000 0 spa d |
| 010 ## - NÚMERO DE CONTROL DE LA BIBLIOTECA DEL CONGRESO |
| Número de control de LC |
2018381848 |
| 020 ## - NÚMERO INTERNACIONAL ESTÁNDAR DEL LIBRO |
| Número Internacional Estándar del Libro |
9786078508235 |
| 020 ## - NÚMERO INTERNACIONAL ESTÁNDAR DEL LIBRO |
| Número Internacional Estándar del Libro |
6078508237 |
| 035 ## - NÚMERO DE CONTROL DEL SISTEMA |
| Número de control de sistema |
20545473 |
| 035 ## - NÚMERO DE CONTROL DEL SISTEMA |
| Número de control de sistema |
(OCoLC)1043670444 |
| 040 ## - FUENTE DE CATALOGACIÓN |
| Centro catalogador/agencia de origen |
OUN |
| Lengua de catalogación |
spa |
| Centro/agencia transcriptor |
OUN |
| Normas de descripción |
rda |
| Centro/agencia modificador |
OCLCF |
| -- |
IQU |
| -- |
UPM |
| -- |
DLC |
| 041 ## - CÓDIGO DE IDIOMA |
| Código de lengua del texto/banda sonora o título independiente |
spa |
| 042 ## - CÓDIGO DE AUTENTICACIÓN |
| Código de autenticación |
lccopycat |
| 043 ## - CÓDIGO DE ÁREA GEOGRÁFICA |
| Código de área geográfica |
n-mx--- |
| 050 00 - SIGNATURA TOPOGRÁFICA DE LA BIBLIOTECA DEL CONGRESO |
| Número de clasificación |
JL1229.C6 |
| Número de ítem |
A679p 2018 |
| 082 00 - NÚMERO DE LA CLASIFICACIÓN DECIMAL DEWEY |
| Número de clasificación |
364.1/3230972 |
| Número de edición |
23 |
| 100 1# - ENTRADA PRINCIPAL--NOMBRE DE PERSONA |
| Nombre de persona |
Arellano Gault, David |
| Término indicativo de función/relación |
author. |
| 9 (RLIN) |
43322 |
| 245 10 - MENCIÓN DEL TÍTULO |
| Título |
¿Podemos reducir la corrupción en México? : |
| Resto del título |
límites y posibilidades de los instrumentos a nuestro alcance / |
| Mención de responsabilidad, etc. |
David Arellano Gault. |
| 250 ## - MENCION DE EDICION |
| Mención de edición |
Segunda edición. |
| 264 #1 - PRODUCCIÓN, PUBLICACIÓN, DISTRIBUCIÓN, FABRICACIÓN Y COPYRIGHT |
| Producción, publicación, distribución, fabricación y copyright |
Ciudad de México : |
| Nombre del de productor, editor, distribuidor, fabricante |
CIDE, |
| Fecha de producción, publicación, distribución, fabricación o copyright |
2018. |
| 300 ## - DESCRIPCIÓN FÍSICA |
| Extensión |
228 paginas : |
| Otras características físicas |
ilustraciones ; |
| Dimensiones |
23 cm. |
| 336 ## - TIPO DE CONTENIDO |
| Término de tipo de contenido |
text |
| Código de tipo de contenido |
txt |
| Fuente |
rdacontent |
| 337 ## - TIPO DE MEDIO |
| Nombre/término del tipo de medio |
unmediated |
| Código del tipo de medio |
n |
| Fuente |
rdamedia |
| 338 ## - TIPO DE SOPORTE |
| Nombre/término del tipo de soporte |
volume |
| Código del tipo de soporte |
nc |
| Fuente |
rdacarrier |
| 490 1# - MENCIÓN DE SERIE |
| Mención de serie |
Coyuntura y ensayo |
| 504 ## - NOTA DE BIBLIOGRAFÍA, ETC. |
| Nota de bibliografía, etc. |
Includes bibliographical references (pages 213-228). |
| 505 0# - NOTA DE CONTENIDO CON FORMATO |
| Nota de contenido con formato |
La corrupción institucionalizada en México / con Raúl Coronilla Cruz -- El mecanismo de sanciones en el ámbito federal mexicano, 2005-2008 / con Walter Lepore e Israel Aguilar -- Control de los conflictos de interés / con Walter Lepore, Laura Zamudio e Israel Aguilar -- Instrumentando una política de informantes internos (whistleblowers) / con Alejandra Medina y Roberto Rodríguez -- Servicio civil / con Alejandra Medina y Roberto Rodríguez. |
| 520 ## - RESUMEN, ETC. |
| Sumario, etc. |
A cinco años de la primera edición de este libro, la corrupción en México no sólo sigue siendo el modus operandi estable y antiguo del país, simo que se ha convertido ya en un obstáculo para la gobernabilidad y la legitimidad. Desentrañar esta problemática es uno de los grandes retos que se enfrentará en los próximos años. En esta segunda edición se aborda el esfuerzo de largo plazo que ha comenzado con el Sistema Nacional Anticorrupción, el cual puede verse como inicio de la instrumentación de una serie de experimientos políticos y organizacionales en busca de desincrustar paulatinamente la corrupción de la funcionalidad del sistema político, no sin enfrentar resistencias y ataques de los diversos actores políticos, sociales y administrativos. |
| 650 #0 - PUNTO DE ACCESO ADICIONAL DE MATERIA--TÉRMINO DE MATERIA |
| Término de materia o nombre geográfico como elemento de entrada |
Political corruption |
| Subdivisión geográfica |
Mexico |
| Subdivisión general |
Prevention. |
| 650 #0 - PUNTO DE ACCESO ADICIONAL DE MATERIA--TÉRMINO DE MATERIA |
| Término de materia o nombre geográfico como elemento de entrada |
Public administration |
| Subdivisión general |
Corrupt practices |
| Subdivisión geográfica |
Mexico |
| Subdivisión general |
Prevention. |
| 650 #7 - PUNTO DE ACCESO ADICIONAL DE MATERIA--TÉRMINO DE MATERIA |
| Término de materia o nombre geográfico como elemento de entrada |
Political corruption |
| Subdivisión general |
Prevention. |
| Fuente del encabezamiento o término |
fast |
| Número de control del registro de autoridad o número normalizado |
(OCoLC)fst01069248 |
| 650 #7 - PUNTO DE ACCESO ADICIONAL DE MATERIA--TÉRMINO DE MATERIA |
| Término de materia o nombre geográfico como elemento de entrada |
Public administration |
| Subdivisión general |
Corrupt practices |
| -- |
Prevention. |
| Fuente del encabezamiento o término |
fast |
| Número de control del registro de autoridad o número normalizado |
(OCoLC)fst01081988 |
| 651 #7 - PUNTO DE ACCESO ADICIONAL DE MATERIA--NOMBRE GEOGRÁFICO |
| Nombre geográfico |
Mexico. |
| Fuente del encabezamiento o término |
fast |
| Número de control del registro de autoridad o número normalizado |
(OCoLC)fst01211700 |
| 830 ## - PUNTO DE ACCESO ADICIONAL DE SERIE-TÍTULO UNIFORME |
| Título uniforme |
Coyuntura y ensayo |
| 9 (RLIN) |
31935 |
| 906 ## - ELEMENTOS DE DATOS F LOCAL, LDF (RLIN) |
| a |
7 |
| b |
cbc |
| c |
copycat |
| d |
2 |
| e |
ncip |
| f |
20 |
| g |
y-gencatlg |
| 942 ## - ELEMENTOS DE ENTRADA SECUNDARIOS (KOHA) |
| Fuente del sistema de clasificación o colocación |
Clasificación de Library of Congress |
| Suprimir en OPAC |
No |
| Tipo de ítem Koha |
Libro |
| 946 ## - PROCESAMIENTO DE INFORMACIÓN LOCAL (OCLC) |
| Iniciales del agente catalogador |
rmza |